000 00879nam a22001697a 4500
999 _c63594
_d63594
003 Ge_BSU
005 20251111203119.0
008 251111s1960 ge ||||| |||| 00| 0 geo d
041 _ageo
080 _a338.26(479.22) ჩ-76
100 _aჩოგოვაძე, გ.
_9947
245 _aჩვენი შვიდწლედი :
_b[საქ. სახალხო მეურნეობის განვითარების პერსპექტივები შვიდწლედში] /
_cგ. ჩოგოვაძე.
264 _aთბ. :
_bნაკადული,
_c1960.
300 _a146 გვ. :
_bილ. ;
_c22 სმ.
653 _aსაქართველოს სახალხო მეურნეობის განვითარების შვიდწლიანი გეგმა
942 _2udc
_cᲬᲘᲒᲜᲘ